UK research and development (Record no. 118322)
[ view plain ]
| 000 -LEADER | |
|---|---|
| fixed length control field | 00999cam a2200205 4500 |
| 001 - CONTROL NUMBER | |
| control field | WB@3612-33 |
| 008 - FIXED-LENGTH DATA ELEMENTS--GENERAL INFORMATION | |
| fixed length control field | 041117n2004 000 0 eng u |
| 035 ## - SYSTEM CONTROL NUMBER | |
| System control number | (Sirsi) u128015 |
| 245 ## - TITLE STATEMENT | |
| Title | UK research and development |
| 260 ## - PUBLICATION, DISTRIBUTION, ETC. | |
| Date of publication, distribution, etc. | 2004 |
| 490 ## - SERIES STATEMENT | |
| Series statement | BRE News Release |
| Volume/sequential designation | 12 November 2004 (1) |
| 520 ## - SUMMARY, ETC. | |
| Summary, etc. | The Innovation Discovery Programme is a collaboration between BRE and Inventa Partners. The new initiative will help construction industry companies gain greater commercial success from both their own innovative ideas and practices, and the latest research and development in the construction and other sectors. The programme looks across the existing research base to see if there is anything that can be applied to our clients' problems. For further information visit: http://www.bre.co.uk/. |
| 590 ## - LOCAL NOTE (RLIN) | |
| Local note | WB |
| 590 ## - LOCAL NOTE (RLIN) | |
| Local note | WB |
| 650 ## - SUBJECT ADDED ENTRY--TOPICAL TERM | |
| Topical term or geographic name entry element | CONSTRUCTION INDUSTRY |
| 650 ## - SUBJECT ADDED ENTRY--TOPICAL TERM | |
| Topical term or geographic name entry element | INNOVATION |
| 650 ## - SUBJECT ADDED ENTRY--TOPICAL TERM | |
| Topical term or geographic name entry element | RESEARCH AND DEVELOPMENT |
| 690 ## - LOCAL SUBJECT ADDED ENTRY--TOPICAL TERM (OCLC, RLIN) | |
| Topical term or geographic name as entry element | BUILDING AND CONSTRUCTION |
| 942 ## - ADDED ENTRY ELEMENTS (KOHA) | |
| Suppress in OPAC | 0 |
| Withdrawn status | Lost status | Source of classification or shelving scheme | Damaged status | Not for loan | Home library | Current library | Shelving location | Date acquired | Total Checkouts | Full call number | Barcode | Date last seen | Copy number | Price effective from | Koha item type |
|---|---|---|---|---|---|---|---|---|---|---|---|---|---|---|---|
| Dewey Decimal Classification | London | London | News article | 17/11/2004 | WB4044-02 | 128015-1001 | 06/08/2019 | 1 | 06/08/2019 | News article |